Public Policy and Administration In India/ (Record no. 186348)

MARC details
000 -LEADER
fixed length control field 00596nam a2200181 4500
005 - DATE AND TIME OF LATEST TRANSACTION
control field 20220224100103.0
010 ## - LCCN (DPL NO)
LC control number ENG-131778
020 ## - INTERNATIONAL STANDARD BOOK NUMBER
International Standard Book Number 9788194802198
Terms of availability 545.00
035 ## - SYSTEM CONTROL NUMBER
System control number EN-115310
037 ## - SOURCE OF ACQUISITION
Source of stock number/acquisition DBAD/PUB
082 ## - DEWEY DECIMAL CLASSIFICATION NUMBER
Classification number 351.54
100 ## - MAIN ENTRY--PERSONAL NAME
Personal name Chandrashekharan, Ram
245 ## - TITLE STATEMENT
Title Public Policy and Administration In India/
Statement of responsibility, etc Ram Chandrashekharan
260 ## - PUBLICATION, DISTRIBUTION, ETC. (IMPRINT)
Place of publication, distribution, etc New Delhi
Name of publisher, distributor, etc Academic Aspiration
Date of publication, distribution, etc 2021
270 ## - ADDRESS
Address 4740/23, Ansari Road, Daryaganj
City New Delhi
Postal code 110002
Electronic mail address academicaspiration@gmail.com
300 ## - PHYSICAL DESCRIPTION
Extent v, 308p.
Other physical details Index
Dimensions 24cm(pbk)
942 ## - ADDED ENTRY ELEMENTS (KOHA)
Source of classification or shelving scheme Dewey Decimal Classification
Item type English Books
Classification part 351.354
Call number suffix CHA
Holdings
Withdrawn status Lost status Not for loan Collection code Home library Current library Date acquired Source of acquisition Cost, normal purchase price Full call number Barcode Copy number Cost, replacement price Koha item type
      Non-fiction Central Library Central Library 24/02/2022 DBAD/PUB 545.00 351.354 CHA EN-115310 1 545.00 English Books

© Delhi Public Library
Hit Counter
free hit counter